Missing Word: Chevy Chase Quiz Stats

 Plays Quiz Updated Aug 26, 2013

Support Sporcle.
Go Orange.
Score 0/20 Timer 03:00
0 Plays Today
Movie Title Missing Word % Correct
Caddy______shack
96.2%
Hot ______ Time MachineTub
83.2%
______ VacationChristmas, European, Vegas
78.9%
Memoirs of an Invisible ______Man
76.3%
Foul ______Play
74.1%
Three ______!Amigos
71.5%
______ and RobbersonsCops
42.7%
______ FarmFunny
42%
______ LivesFletch
38.5%
______ Like UsSpies
37.9%
Movie Title Missing Word % Correct
______ Like Old TimesSeems
31.2%
Nothing But ______Trouble
23.5%
Man of the ______House
22.2%
Oh Heavenly ______Dog
20.4%
______ of the CenturyDeal
15.5%
______ CountyOrange
13.1%
Modern ______Problems
9.6%
Dirty ______Work
8.4%
Under the ______Rainbow
5.5%
______ DaySnow
3.7%

Today's Daily Dose

You're not logged in!

Compare scores with friends on all Sporcle quizzes.
OR
Log In
Forgot?

From the Vault

These Words Have Character

by bhenderson79

Here's your chance to find your hidden character.
Remove Ads.
Support Sporcle.
Get the best of Sporcle when you Go Orange. This ad-free experience offers more features, more stats, and more fun while also helping to support Sporcle. Thank you for becoming a member.

Show Comments

Extras

Top Quizzes Today


Score Distribution

Your Account Isn't Verified!

In order to create a playlist on Sporcle, you need to verify the email address you used during registration. Go to your Sporcle Settings to finish the process.

Report this User

Report this user for behavior that violates our Community Guidelines.

Details: